Enantiosémia v nárečovej lexike

Bibliographic Details
Main Author: Ripka, Ivor, 1937- (Author)
Format: Article
Language:Slovak
PhysicalDescription:Lit. 10 zázn. v slov., češ.
Subjects:

MARC

LEADER 00000nab a2200000 a 4500
001 vtls000466630
003 SK-MaSNL
005 20260303190951.0
008 230120c1992 xo 0 slo
015 |a SNBRB19rr/mm-uuuuu 
035 |a CL0466763 
035 |a urn:nbn:sk:snk-ab1ku2 
035 |a (urnnbn)urn:nbn:sk:snk:ar-004bzb 
035 |a (uuid)a0411522-1641-422e-bf25-c67cebd19465 
040 |a SNKBUCL  |b slo  |c SNKBUCL  |e AACR2 
041 0 |a slo 
044 |a xo  |c SK 
080 |a 801.314:800.87:808.54  |2 1981 
080 |a 800.87  |2 1981 
080 |a 808.54  |2 1981 
080 |a 801.68  |2 1981 
100 1 |a Ripka, Ivor,  |d 1937-  |4 aut  |9 92988 
245 1 0 |a Enantiosémia v nárečovej lexike  |c Ivor Ripka 
300 |b Lit. 10 zázn. v slov., češ. 
650 0 7 |a slovenčina  |2 snkbucl  |9 1350 
650 0 7 |a lexikológia  |2 snkbucl  |9 866 
650 0 7 |a lexika nárečová  |2 snkbucl  |9 1219684 
650 0 7 |a enantiosémia  |2 snkbucl  |9 1219871 
650 0 7 |a dialektológia  |2 snkbucl  |9 13485 
650 0 7 |a nárečia slovenské  |2 snkbucl  |9 943637 
655 7 |a články z novín a časopisov  |2 snkbucl  |9 267496 
773 0 |t Kultúra slova  |g Roč. 26, č. 5-6 (1992), s. 144-151 
850 |a Slovenská národná knižnica v Martine  |a MTA001 
852 |a SNK  |b KIS3GCP 
954 |a odborná, vedecká literatúra pôvodná (slovenská)  |2 lita 
958 |a OND 
958 |a NB 
958 |a RK 
958 |a EUIPO 
958 |a article27 
992 |a RBX 
999 |c 2138821  |d 2140751